Buddy / a film by Heddy Honigmann.
Available copies
- 2 of 2 copies available at LARL/NWRL Consortium.
- 2 of 2 copies available at Lake Agassiz Regional Library. (Show preferred library)
Current holds
0 current holds with 2 total copies.
Show All Copies
| Location | Call Number / Copy Notes | Barcode | Shelving Location | Status | Due Date |
|---|---|---|---|---|---|
| Climax Public Library | DVD 362.4048 BUD (Text) | 33500013138425 | Main | Available | - |
| Moorhead Public Library | DVD 362.4048 BUD (Text) | 33500013137179 | Main | Available | - |
Record details
- Physical Description: 1 videodisc (86 min.) : sound, color ; 4 3/4 in.
- Publisher: New York , NY : Grasshopper Film, [2019]
- Copyright: ©2019
Content descriptions
| Creation/Production Credits Note: | Camera: Adri Schrover. Editor, Jessica de Koning. ... Read More |
| Summary, etc.: | In this delightful documentary about six amazing ... Read More |
| System Details Note: | DVD. |
| Terms Governing Use and Reproduction Note: | "U. Michigan Public Performance Rights obtained". |
| Language Note: | Dutch dialogue; English subtitles; ... Read More |
Search for related items by subject
| Subject: | Service dogs. Service dogs. |
| Genre: | Documentary films. Feature films. Documentary films. Feature films. |
| LDR | 02234cgm a2200541Mi 4500 | ||
|---|---|---|---|
| 001 | 327823 | ||
| 003 | LARL_NWRL_CONSORTIUM | ||
| 005 | 20190926145531.0 | ||
| 008 | 190328t20192019nyu087 e vldut d | ||
| 007 | vd cvaizu | ||
| 040 | . | ‡aEYM ‡beng ‡erda ‡cEYM ‡dOCLCO ‡dOCLCF ‡dTEF | |
| 024 | 1 | . | ‡a853294007404 |
| 028 | 4 | 2. | ‡a218 ‡bGrasshopper Film |
| 028 | 4 | 2. | ‡aGF022 ‡bGrasshopper Film |
| 035 | . | ‡a(OCoLC)1097195099 | |
| 041 | 1 | . | ‡adut ‡jeng ‡hdut |
| 082 | 0 | 4. | ‡a362.4/0483 ‡223 |
| 245 | 0 | 0. | ‡aBuddy / ‡ca film by Heddy Honigmann. |
| 264 | 1. | ‡aNew York , NY : ‡bGrasshopper Film, ‡c[2019] | |
| 264 | 4. | ‡c©2019 | |
| 300 | . | ‡a1 videodisc (86 min.) : ‡bsound, color ; ‡c4 3/4 in. | |
| 336 | . | ‡atwo-dimensional moving image ‡btdi ‡2rdacontent | |
| 337 | . | ‡avideo ‡bv ‡2rdamedia | |
| 338 | . | ‡avideodisc ‡bvd ‡2rdacarrier | |
| 340 | . | ‡b4 3/4 in. | |
| 344 | . | ‡adigital ‡2rdatr | |
| 344 | . | ‡boptical ‡2rdarm | |
| 347 | . | ‡aaudio file ‡2rdaft | |
| 347 | . | ‡bCD audio | |
| 538 | . | ‡aDVD. | |
| 546 | . | ‡aDutch dialogue; English subtitles; closed-captioned. | |
| 508 | . | ‡aCamera: Adri Schrover. Editor, Jessica de Koning. Composer, Florencia di Concilio. | |
| 520 | . | ‡aIn this delightful documentary about six amazing dogs and their heroic owners, legendary filmmaker Heddy Honigmann explores the close bond between animal and human. | |
| 540 | . | ‡a"U. Michigan Public Performance Rights obtained". | |
| 650 | 0. | ‡aService dogs. ‡0(LARL_NWRL_CONSORTIUM)36567 | |
| 650 | 7. | ‡aService dogs. ‡2fast ‡0(LARL_NWRL_CONSORTIUM)36567 | |
| 655 | 7. | ‡aDocumentary films. ‡2lcgft ‡0(LARL_NWRL_CONSORTIUM)175634 | |
| 655 | 7. | ‡aFeature films. ‡2lcgft ‡0(LARL_NWRL_CONSORTIUM)175625 | |
| 655 | 7. | ‡aDocumentary films. ‡2fast ‡0(LARL_NWRL_CONSORTIUM)175634 | |
| 655 | 7. | ‡aFeature films. ‡2fast ‡0(LARL_NWRL_CONSORTIUM)175625 | |
| 700 | 1 | . | ‡aHonigmann, Heddy, ‡d1951- ‡efilm director. ‡1http://viaf.org/viaf/103277513 |
| 700 | 1 | . | ‡aSchrover, Adri, ‡ecinematographer. ‡1http://viaf.org/viaf/280152164. |
| 700 | 1 | . | ‡aHonig, Jessica de, ‡eeditor of moving image work. |
| 700 | 1 | . | ‡aDi Concilio, Florencia, ‡d1979- ‡ecomposer (expression) ‡1http://viaf.org/viaf/90692706 |
| 710 | 2 | . | ‡aGrasshopper Film (Firm), ‡epublisher. ‡1http://viaf.org/viaf/42146331834318691172 |
| 901 | . | ‡a327823 ‡bOCoLC ‡c327823 ‡tbiblio ‡soclc | |

Add to basket
Permalink
Disable Highlighting